000 01875nam a2200361Ia 4500
003 CO-BoRNBP
005 20230518224701.0
007 ta
008 200115s9999 xx 000 0 und d
020 _a9789588318998
040 _aCO-BoRNBP
_bspa
_erda
_cCO-BoRNBP
041 _aspa
084 _aN UNA1
100 1 _aUnamuno, Miguel de, 18641936
_92166
245 0 _aLa tía Tula [Registro sonoro] /
_c Miguel de Unamuno ; leído por Daniel Quintero ; adaptación Emilio Urrea
250 _a1a. edición
264 1 _aBogotá :
_b Fonolibros de Colombia,
_c Yoyo Libros
300 _a1 disco compacto en formato MP3 (195 minutos) :
_b sonoro digital ;
_c 13 cm.
336 _atexto
_btxt
_2rdacontent
337 _asin mediación
_bn
_2rdamedia
338 _avolumen
_bnc
_2rdacarrier
490 0 _aAudio Libros Literatura para oír
500 _aDisco compacto en formato MP3 \ Resumen, tomado del estuche del disco compacto: "El ansia de la maternidad es el tema de la novela de Miguel de Unamuno (18641936) "La tía Tula", nombre con que se conoce a la protagonista Gertrudes quien hace toda clase de sacrificios para ser madre. La obra fue publicada en 1921 y muy pronto llego a ser una de las preferidas del autor. Es notable el uso del erotismo sutil en esta obra, que la diferencia de casi toda la literatura española de esos tiempos" \ Recomendado para un público adulto
650 1 7 _aAutores españoles audiolibros
_2LEMB
_92167
650 1 7 _aErotismo novela audiolibros
_2LEMB
_92168
650 1 7 _aFamilia novela audiolibros
_2LEMB
_92169
650 1 7 _aLiteratura española siglo xx audiolibros
_2LEMB
_92170
650 1 7 _aMaternidad novela audiolibros
_2LEMB
_92171
650 1 7 _aMujeres novela audiolibros
_2LEMB
_92172
650 1 7 _aNovela española siglo xx audiolibros
_2LEMB
_92173
700 1 _aQuintero, Daniel
_92174
942 _2ddc
_cBK
999 _c9583
_d9583